Sports Quiz

Random Sports or NFL Quiz

NFL 100+ Catch Seasons Quiz Stats

Quiz not verified by Sporcle

Challenge
Share
Tweet
Embed
Score 0/66 Timer 10:00
0 Plays Today
Receptions Player % Correct
122Jerry Rice
96.7%
112Jerry Rice
96.7%
108Jerry Rice
96.7%
100Jerry Rice
96.7%
111*Randy Moss
94.6%
106*Randy Moss
94.6%
143Marvin Harrison
92.6%
115Marvin Harrison
92.6%
109Marvin Harrison
92.6%
102Marvin Harrison
92.6%
123*Wes Welker
91.7%
112*Wes Welker
91.7%
111*Wes Welker
91.7%
115*Andre Johnson
91.1%
106Keyshawn Johnson
91.1%
103*Andre Johnson
91.1%
101*Andre Johnson
91.1%
116Jimmy Smith
88.2%
113Rod Smith
88.2%
112Jimmy Smith
88.2%
107*Steve Smith
88.2%
103*Steve Smith
88.2%
100Rod Smith
88.2%
100*Terrell Owens
86%
104*Reggie Wayne
84.5%
100*Reggie Wayne
84.5%
122Cris Carter
81.2%
122Cris Carter
81.2%
119*Isaac Bruce
79%
117*Torry Holt
79%
102*Torry Holt
79%
102*Tony Gonzalez
76.2%
103*Larry Fitzgerald
75.3%
Receptions Player % Correct
100*Larry Fitzgerald
75.3%
104Tim Brown
71.2%
101Troy Brown
70.7%
104*Brandon Marshall
70.3%
102*Brandon Marshall
70.3%
101*Brandon Marshall
70.3%
102*Anquan Boldin
69.7%
101*Anquan Boldin
69.7%
112*Hines Ward
67.9%
111Michael Irvin
65.7%
112Sterling Sharpe
62.9%
108Sterling Sharpe
62.9%
100*Dallas Clark
62.5%
123Herman Moore
57%
106Herman Moore
57%
104Herman Moore
57%
103*Derrick Mason
54.1%
112*T.J. Houshmandzadeh
49.1%
106Art Monk
46.7%
102*Muhsin Muhammad
45.4%
100*LaDainian Tomlinson
33.8%
100Lionel Taylor
32.3%
100Eric Moulds
30.8%
111Terance Mathis
23.1%
102Robert Brooks
21.2%
101Ed McCaffrey
19.9%
101Larry Centers
18.8%
100Carl Pickens
18.1%
100*Marty Booker
15.5%
108Brett Perriman
14.6%
100Haywood Jeffires
12.5%
104Eric Metcalf
8.7%
101Charley Hennigan
7.4%

You're not logged in!

Compare scores with friends on all Sporcle quizzes.
Sign Up with Email
OR
Log In

You Might Also Like...

Show Comments

Extras

Top Quizzes Today


Score Distribution

Your Account Isn't Verified!

In order to create a playlist on Sporcle, you need to verify the email address you used during registration. Go to your Sporcle Settings to finish the process.